[Event "CUB-ch (Women)"]
[Site "Holguin"]
[Date "2020.01.30"]
[Round "2"]
[White "Garcia Terry, Legna"]
[Black "Linares Napoles, Oleiny"]
[Result "0-1"]
[WhiteElo "2061"]
[BlackElo "2226"]
[PlyCount "84"]
[EventDate "2020.01.29"]
[EventType "tourn"]
[EventRounds "11"]
[EventCountry "CUB"]
[SourceTitle "CBM 195 Extra"]
[Source "ChessBase"]
[SourceDate "2020.05.31"]
[SourceVersion "1"]
[SourceVersionDate "2020.05.31"]
[SourceQuality "1"]

1. d4 Nf6 2. Nf3 g6 3. g3 Bg7 4. Bg2 0-0 5. 0-0 d6 6. b3 Nc6 7. Bb2 Bf5 8. Nbd2 Qc8 9. Re1 Bh3 10. c4 Bxg2 11. Kxg2 Nh5 12. Qc1 e5 13. dxe5 dxe5 14. Nf1 Re8 15. e4 Qg4 16. Ng1 Nf4+ 17. Kh1 Nd3 18. Qd2 Nxe1 19. Qxe1 Nd4 20. h3 Qe6 21. Ne3 c6 22. Kg2 Red8 23. Rc1 Rd7 24. Ne2 Nxe2 25. Qxe2 Rad8 26. Rc2 h5 27. c5 b5 28. cxb6 axb6 29. Qa6 Rb8 30. Qa4 c5 31. Qb5 Rbb7 32. h4 Rd4 33. f3 Qd7 34. Qe2 Rd6 35. Nd5 Ra7 36. a3 Rxd5 37. exd5 Qxd5 38. Qb5 Re7 39. Qxb6 e4 40. Bxg7 exf3+ 41. Kf2 Kxg7 42. Qb5 Qd4+ 0-1

[Event "CUB-ch (Women)"]
[Site "Holguin"]
[Date "2020.01.29"]
[Round "1"]
[White "Forgas Moreno, Yaniela"]
[Black "Garcia Terry, Legna"]
[Result "1-0"]
[WhiteElo "2304"]
[BlackElo "2061"]
[PlyCount "61"]
[EventDate "2020.01.29"]
[EventType "tourn"]
[EventRounds "11"]
[EventCountry "CUB"]
[SourceTitle "CBM 195 Extra"]
[Source "ChessBase"]
[SourceDate "2020.05.31"]
[SourceVersion "1"]
[SourceVersionDate "2020.05.31"]
[SourceQuality "1"]

1. e4 c5 2. Nc3 Nc6 3. Bb5 g6 4. Bxc6 bxc6 5. d3 Bg7 6. f4 Nf6 7. Nf3 0-0 8. 0-0 Rb8 9. Qe1 d6 10. Qh4 c4 11. dxc4 Qb6+ 12. Kh1 Qb4 13. e5 dxe5 14. Nxe5 Bb7 15. a3 Qd6 16. Be3 a6 17. Rad1 Qe6 18. Na4 Qf5 19. Nc5 Rfe8 20. c3 h5 21. Rfe1 Bc8 22. b4 Ng4 23. Nxc6 Bf6 24. Qg3 h4 25. Qf3 Bb7 26. Nxb7 Rxb7 27. Bd4 Rc7 28. Bxf6 Nxf6 29. a4 Qc2 30. a5 Qb3 31. Ne5 1-0

[Event "CUB-ch U18 Girls"]
[Site "San Nicolas de Bari"]
[Date "2018.06.14"]
[Round "3"]
[White "Garcia Terry, Legna"]
[Black "Fernandez Bustamante, Leancy B"]
[Result "0-1"]
[WhiteElo "1919"]
[BlackElo "2037"]
[PlyCount "96"]
[EventDate "2018.06.13"]
[EventType "swiss"]
[EventRounds "9"]
[EventCountry "CUB"]
[SourceTitle "EXT 2021"]
[Source "ChessBase"]
[SourceDate "2020.10.23"]
[SourceVersion "1"]
[SourceVersionDate "2020.10.23"]
[SourceQuality "1"]

1. d4 c5 2. d5 e5 3. c4 d6 4. Nc3 g6 5. e4 Bg7 6. Bd3 Nf6 7. h3 Na6 8. Nf3 Nc7 9. Be3 0-0 10. Qd2 Bd7 11. a4 Na6 12. 0-0 Nh5 13. Nh2 f5 14. f3 f4 15. Bf2 Bf6 16. Ng4 Nb4 17. Nxf6+ Qxf6 18. Ne2 Rf7 19. Rfd1 g5 20. Kf1 Rg7 21. Ke1 Rf8 22. Qc3 Rg6 23. Kd2 Ng7 24. Nc1 h5 25. Be2 g4 26. hxg4 hxg4 27. Nd3 g3 28. Nxc5 Bc8 29. Bg1 dxc5 30. Bxc5 Na6 31. Bxa7 Rh6 32. Rh1 Rh2 33. Rhg1 Rd8 34. Kc2 Bh3 35. Bf1 Ra8 36. Kb1 Bd7 37. b4 Rxa7 38. c5 Nc7 39. b5 Ra8 40. c6 bxc6 41. dxc6 Be8 42. Bc4+ Kh8 43. Bd5 Bg6 44. Bb3 Rb8 45. Kc2 Nge6 46. Bc4 Nd4+ 47. Kc1 Qd6 48. Ra2 Qc5 0-1

[Event "Santa Clara Salado Cup"]
[Site "Santa Clara"]
[Date "2018.04.01"]
[Round "7"]
[White "Garcia Terry, Legna"]
[Black "Cabrera Gonzalez, Maximo Ariel"]
[Result "0-1"]
[WhiteElo "1923"]
[BlackElo "2056"]
[PlyCount "72"]
[EventDate "2018.03.29"]
[EventType "swiss"]
[EventRounds "7"]
[EventCountry "CUB"]
[SourceTitle "EXT 2021"]
[Source "ChessBase"]
[SourceDate "2020.10.23"]
[SourceVersion "1"]
[SourceVersionDate "2020.10.23"]
[SourceQuality "1"]

1. d4 d5 2. c4 e6 3. Nc3 Nf6 4. Nf3 Be7 5. e3 0-0 6. Bd3 dxc4 7. Bxc4 a6 8. 0-0 b5 9. Bd3 Bb7 10. a3 c5 11. Qe2 Nbd7 12. Rd1 Qb6 13. Bc2 c4 14. e4 Rfe8 15. e5 Nd5 16. Ne4 Nf8 17. Bg5 Bxg5 18. Nfxg5 h6 19. Nh3 Re7 20. Qg4 Rc7 21. Nf4 Nxf4 22. Qxf4 Bxe4 23. Bxe4 Rd8 24. Rac1 Rcd7 25. Rc3 Rxd4 26. Rxd4 Qxd4 27. g3 Rd7 28. Qe3 Qxe3 29. Rxe3 Rc7 30. Kf1 Nd7 31. Bc2 Nb6 32. Ke1 Nd5 33. Rf3 g5 34. g4 Nf4 35. Kd2 Rd7+ 36. Ke3 Rd5 0-1

[Event "Santa Clara Salado Cup"]
[Site "Santa Clara"]
[Date "2018.04.01"]
[Round "6"]
[White "Ulloa Rey, Luis Ernesto"]
[Black "Garcia Terry, Legna"]
[Result "0-1"]
[WhiteElo "1806"]
[BlackElo "1923"]
[PlyCount "66"]
[EventDate "2018.03.29"]
[EventType "swiss"]
[EventRounds "7"]
[EventCountry "CUB"]
[SourceTitle "EXT 2021"]
[Source "ChessBase"]
[SourceDate "2020.10.23"]
[SourceVersion "1"]
[SourceVersionDate "2020.10.23"]
[SourceQuality "1"]

1. e4 c5 2. d3 d6 3. Nd2 g6 4. Ngf3 Bg7 5. g3 Nf6 6. Bg2 Nc6 7. 0-0 0-0 8. c3 Nd7 9. Nb3 Rb8 10. d4 c4 11. Nbd2 b5 12. Ne1 Qc7 13. d5 Na5 14. Nc2 Ne5 15. Nb4 Qb6 16. Nf3 Bg4 17. Bf4 Rbd8 18. Bxe5 dxe5 19. Qd2 Bd7 20. Qe3 Qxe3 21. fxe3 Nb7 22. h4 Nc5 23. Nh2 a5 24. Nc6 Bxc6 25. dxc6 Rc8 26. Rfd1 Rxc6 27. Rd5 e6 28. Rd2 h5 29. Kf2 Nd3+ 30. Ke2 Rd6 31. Rad1 Rfd8 32. Nf3 Bh6 33. Ne1 Nc1+ 0-1

[Event "Universidad de Cienfuegos-C 10th"]
[Site "Cienfuegos"]
[Date "2018.02.25"]
[Round "12"]
[White "Fernandez Martinez, Juan Carlos"]
[Black "Garcia Terry, Legna"]
[Result "1/2-1/2"]
[WhiteElo "2011"]
[BlackElo "1905"]
[PlyCount "68"]
[EventDate "2018.02.20"]
[EventType "tourn"]
[EventRounds "14"]
[EventCountry "CUB"]
[SourceTitle "EXT 2021"]
[Source "ChessBase"]
[SourceDate "2020.10.23"]
[SourceVersion "1"]
[SourceVersionDate "2020.10.23"]
[SourceQuality "1"]

1. e4 c5 2. Nf3 d6 3. c3 Nf6 4. Be2 Nc6 5. d4 Bd7 6. d5 Ne5 7. Nxe5 dxe5 8. f3 e6 9. c4 Bd6 10. 0-0 0-0 11. Bg5 Qb6 12. Qd2 exd5 13. exd5 Nh5 14. Nc3 f5 15. Kh1 a6 16. Rad1 h6 17. Be3 Qd8 18. g3 Nf6 19. Bd3 Qe8 20. Rde1 Qh5 21. f4 e4 22. Be2 Ng4 23. Bxg4 Qxg4 24. Qf2 b6 25. a3 Rfc8 26. Rb1 b5 27. b3 Qg6 28. a4 b4 29. Nd1 a5 30. Bc1 Qf6 31. Bb2 Qe7 32. Ne3 Rf8 33. Rbd1 Be8 34. Qe2 Rd8 1/2-1/2

[Event "CUB-ch U18 Girls"]
[Site "Camaguey"]
[Date "2017.06.24"]
[Round "6.3"]
[White "Hernandez Gil, Ineymig"]
[Black "Garcia Terry, Legna"]
[Result "1/2-1/2"]
[WhiteElo "1841"]
[BlackElo "1839"]
[PlyCount "34"]
[EventDate "2017.06.21"]
[EventType "swiss"]
[EventRounds "9"]
[EventCountry "CUB"]
[SourceTitle "EXT 2023"]
[Source "ChessBase"]
[SourceDate "2022.10.05"]
[SourceVersion "1"]
[SourceVersionDate "2022.10.05"]
[SourceQuality "1"]

1. e4 e5 2. Nf3 Nc6 3. d4 exd4 4. Nxd4 Bc5 5. Nxc6 Qf6 6. Qf3 dxc6 7. Nd2 Be6 8. Qxf6 Nxf6 9. Bd3 Ng4 10. 0-0 Ne5 11. Be2 0-0-0 12. Nf3 Bg4 13. Bf4 Nxf3+ 14. Bxf3 Bxf3 15. gxf3 Bd6 16. e5 Bc5 17. Be3 Bd4 1/2-1/2